Statistics for Flyover States

Click here to take the quiz!

General Stats

  • This quiz has been taken 9,105 times
  • The average score is 14 of 18

Answer Stats

clue state % Correct
Seattle, San FranciscoOregon
99%
Havana, AtlantaFlorida
95%
Mexico City, Oklahoma CityTexas
95%
Orlando, HoustonLouisiana
90%
Honolulu, CalgaryWashington
87%
New York City, PhiladelphiaNew Jersey
87%
Detroit, MinneapolisWisconsin
85%
Denver, RenoUtah
82%
Nashville, IndianapolisKentucky
82%
Atlanta, CharlotteSouth Carolina
79%
Albuquerque, New OrleansTexas
79%
Philadelphia, DetroitOhio
76%
Denver, St LouisKansas
75%
El Paso, DenverNew Mexico
75%
Minneapolis, EdmontonNorth Dakota
66%
Crater Lake, YellowstoneIdaho
62%
Chicago, Little RockMissouri
61%
Portland ME, ProvidenceMassachusetts
59%

Score Distribution

Percentile by Number Answered

Percent of People with Each Score

Your Score History

You have not taken this quiz